000 00413nam a2200181Ia 4500
001 2860
005 20260306144838.0
008 260306t1998||||xx |||||||||||||| ||spa||
041 _aESP
082 _a230.7
_bO27
100 _aOcáriz, Fernando
_eAUT
245 0 _aTeología fundamental
260 _c1998
300 _a406 páginas :
_c24 cm.
650 _aGEN
654 _aCHU
942 _cLIB
_dJUS
_fJUS
_2ddc
_n
999 _c2860
_d2860